Guia didàctica per a la història de l'ensenyament a Tarragona / M. Isabel Miró Montoliu, Jordi Piqué Padró
Descripción Física:
23 p. : il. ; 21 x 30 cm
Otros Autores:
Piqué i Padró, Jordi
Materias:
Ensenyament -- Tarragona -- Història
MARC
| LEADER | 00000nam a2200000Ia 4500 | ||
|---|---|---|---|
| 001 | 14499 | ||
| 008 | 160829s9999 xx 000 0 cat d | ||
| 080 | |a FU-22-28 | ||
| 100 | |a Miró Montoliu, M. Isabel |9 35184 | ||
| 245 | |a Guia didàctica per a la història de l'ensenyament a Tarragona / M. Isabel Miró Montoliu, Jordi Piqué Padró | ||
| 260 | |a [Tarragona : |b Arxiu Històric de Tarragona, DL 2002] | ||
| 300 | |a 23 p. : |b il. ; |c 21 x 30 cm | ||
| 490 | |a Materials didàctics de l'Arxiu Històric de Tarragona ; 1 | ||
| 590 | |a A la contracoberta: Universitat Rovira i Virgili | ||
| 650 | |a Ensenyament |x Tarragona |x Història |9 35185 | ||
| 700 | |a Piqué i Padró, Jordi |9 35186 | ||
| 710 | 2 | |a Arxiu Històric de Tarragona |9 56174 | |
| 901 | |a Arxiu | ||
| 942 | |n 1 | ||
| 952 | |0 0 |1 0 |4 0 |6 FU2228 |7 1 |9 46803 |a Arxiu |b Arxiu |d 2016-12-01 |l 0 |o FU-22-28 |p 14499 |r 2016-12-01 00:00:00 |w 2016-12-01 |y ARXIU | ||
| 999 | |c 50596 |d 50596 | ||